000 00560nam a22002171a 4500
001 1319
003 OSt
005 20260204211729.0
008 040119s1993||||sp ||||||b||||||||||spa||
020 _a8471123401
050 _a372.86 T157d
082 _a372.86 T157d
100 _aTann, C. Sarah
245 _aDiseño y desarrollo de unidades didácticas en la escuela primaria / C. Sarah Tann
250 _a2
264 _aEspaña : Morata
300 _a220 p.
500 _aIncluye bibliografía
650 _a1.Educación-PrimariaÌ
942 _2ddc
_cBK
999 _c1319
_d1319